La educación artística del niño

Guardat en:
Dades bibliogràfiques
Autor principal: Lark-Horovitz, Betty (Autor)
Format: Llibre
Idioma:espanyol
Publicat: Buenos Aires Paidós 1965
Col·lecció:Biblioteca del Educador Contemporáneo, 35
Matèries:
Etiquetes: Afegir etiqueta
Sense etiquetes, Sigues el primer a etiquetar aquest registre!

MARC

LEADER 00000nam a2200000 a 4500
001 UCY8006
003 CL-VaPUC
008 950623e19650000AG |||||||||||||||||spa|d
082 0 4 |a 370.118  |b LAR  |2 21 
100 0 |a Lark-Horovitz, Betty  |e author  |9 339057 
245 1 3 |a La educación artística del niño 
300 |a 92 p 
942 |c BK 
945 |d 19950623 00:00:00  |a mfernand 
260 |a Buenos Aires  |b Paidós  |c 1965 
650 0 |a Creatividad   |9 310816 
650 0 |a Educación artística  |9 269035 
650 0 |a Pedagogía  |9 255351 
650 0 |a Métodos de enseñanza  |9 270413 
650 0 |a Arte  |9 265238 
650 0 |a Niños  |9 255605 
583 |a last modification  |c 19950623 00:00:00  |k Rodrigo Vera 
490 0 |a Biblioteca del Educador Contemporáneo, 35 
999 |c 235293  |d 235291 
952 |0 0  |1 0  |4 0  |6 370_118000000000000_LAR_1965  |7 0  |8 P  |9 242611  |a BIBEDU  |b BIBEDU  |c BIBEDU_PB  |d 2019-11-18  |i 152500K  |o 370.118 LAR 1965  |p 152500K  |r 2024-01-25  |w 2019-11-18  |y BK  |k EDU